Estratificación social, movilidad social y planificación familiar
Contenido: Introducción. El problema. El marco teórico de referencia. Metodología y diseño analítico: Especificación de las variables. Diseño de la muestra. Encuesta de prueba. Trabajo de campo. Generalidades sobre el área de estudio. Resultados. Resumen. Discusión de los hallazgos: Limitaciones del...
Guardado en:
| Hovedforfatter: | |
|---|---|
| Andre forfattere: | , |
| Format: | Ukendt |
| Udgivet: |
San José:
EUNED. EUCR
|
| Fag: | |
| Tags: |
Tilføj Tag
Ingen Tags, Vær først til at tagge denne postø!
|
MARC
| LEADER | 00000 a2200000 04500 | ||
|---|---|---|---|
| 001 | 19489 | ||
| 003 | cru CIDCACS/IIS | ||
| 005 | 20171107062528.0 | ||
| 008 | 991231s d | ||
| 040 | |a cru CIDCACS/IIS |c cru CIDCACS/IIS | ||
| 090 | |a 05.01.02 E87e T.3 | ||
| 100 | 1 | |a Fonseca Tortós, Eugenio |9 4193 |d 1930-1979 | |
| 245 | |a Estratificación social, movilidad social y planificación familiar |c Jorge Rovira Mas; Vega Carballo, José Luis y Fernando Bolaños Baldioceda | ||
| 260 | |a San José: |b EUNED. EUCR | ||
| 300 | |a 617-772; T. 3 | ||
| 520 | |a Contenido: Introducción. El problema. El marco teórico de referencia. Metodología y diseño analítico: Especificación de las variables. Diseño de la muestra. Encuesta de prueba. Trabajo de campo. Generalidades sobre el área de estudio. Resultados. Resumen. Discusión de los hallazgos: Limitaciones dele studio. Sugerencias para investigaciones futuras. Apéndice I: Valiez y confiabilidad del estudio. Apéndice II: Variables, indicadores y códigos | ||
| 650 | 1 | 0 | |a ESTRATIFICACION SOCIAL |2 METODOLOGIA POBLACION MOVILIDAD SOCIAL NIVEL DE ENSEÑANZA |9 25 |
| 650 | 1 | 0 | |a MOVILIDAD SOCIAL |9 65 |
| 650 | 1 | 0 | |9 3899 |a PLANIFICACION FAMILIAR |
| 650 | 4 | |a METODOLOGIA |9 3211 | |
| 650 | 4 | |a POBLACION |9 2602 | |
| 650 | 1 | 0 | |a MOVILIDAD SOCIAL |9 65 |
| 650 | 1 | 0 | |a NIVELES DE ENSEÑANZA |9 4386 |
| 700 | |a | ||
| 700 | |a Vega Carballo, José Luis | ||
| 700 | |a | ||
| 700 | |a Bolaños Baldioceda, Fernando | ||
| 700 | |a | ||
| 942 | |2 ddc |c LI | ||
| 773 | 0 | |0 28 |9 522 |a Rovira Mas, Jorge |d San José: EUNED. EUCR |o 17954 |t Estratificación social, movilidad social y planificación familiar, y ensayos en honor a Eugenio |w (cru CIDCACS/IIS)19491 |z 996831111 | |
| 999 | |c 10267 |d 10267 | ||
